000 01547nam0a2200349 4500
001 RU\NLR\bibl\457043
005 20250623183048.0
010 _a5-1727-0016-1
_9500
021 _aRU
_b2003-55244
_92685
035 _a(NLR Aleph) 000450562
090 _a871242
_c871242
100 _a20031110d2003 |||y0rusy50 ca
101 0 _arus
102 _aRU
105 _ay |||||||||
200 1 _aФискальные сборы
_eПравовые признаки и порядок регулирования
_eПо материалам науч.-практ. конф., Москва, июнь 2003 г.
_fПод ред. С.Г. Пепеляева
210 _aМ.
_cСтатус-Кво 97
_d2003
215 _a166, [2] с.
_d20
320 _aБиблиогр. в подстроч. прим.
606 0 _aНалоги
_jСъезды, совещания и т.п.
_yРоссийская Федерация
_92073626
_3RU\NLR\auth\661248549
606 0 _aСборы
_jСъезды, совещания и т.п.
_yРоссийская Федерация
_92313447
_3RU\NLR\auth\661384436
606 0 _aПатентные сборы
_jСъезды, совещания и т.п.
_yРоссийская Федерация
_92313444
_3RU\NLR\auth\661384435
686 _aУ26(2)141.3я431
686 _aХ622.2я431
702 1 _aПепеляев
_bС. Г.
_4340
801 0 _aRU
_bNLR
_c20031110
_gPSBO
801 1 _aRU
_bNLR
_c20031110
942 _cBOOK
980 _aNB